| 000 | 00776nam a22002177a 4500 | ||
|---|---|---|---|
| 999 |
_c12503 _d12503 |
||
| 003 | AR-CdUCM | ||
| 008 | 190409b ||||| |||| 00| 0 spa d | ||
| 040 |
_aMUNICIPALIDAD PROVINCIAL DEL CUSCO _cBIBLIOTECA MUNICIPAL DEL CUSCO |
||
| 082 |
_a213 / _bS74 |
||
| 100 |
_aSpencer, Herbert _99994 |
||
| 245 | _aCreación y evolución / | ||
| 260 |
_aValencia : _bSempere y compañía, |
||
| 300 |
_a243 páginas ; _c17 cm. |
||
| 505 | _aContenido : Creación y evolución -- La especie humana -- El dominio de la biología -- El culto de los animales -- El progreso, su ley y su causa ... | ||
| 650 |
_aEvolución _97012 |
||
| 650 |
_aHumana _919436 |
||
| 650 |
_aNaturaleza _94241 |
||
| 700 |
_aGómez Pinilla, A _929893 |
||
| 942 |
_2ddc _cLIBROS |
||
| 945 |
_arah _d09/04/2019 |
||